Genk Biggest Transfers - Statistics

General Stats
  • This quiz has been taken 44 times
  • The average score is 61 of 144
Answer Stats
% Correct
Outgoings Belgium AM Kevin De Bruyne 11/12 Chelsea
92%
Incomings Jamaica LW Leon Bailey 15/16 Trencin
92%
Outgoings Jamaica LW Leon Bailey 16/17 Bayer Leverkusen
92%
Outgoings Belgium GK Logan Bailly 08/09 Borussia Monchengladbach
92%
Outgoings Belgium LW Leandro Trossard 19/20 Brighton & Hove Albion
89%
Incomings Nigeria ST Paul Onuachu 19/20 Midtjylland
89%
Outgoings Nigeria ST Paul Onuachu 22/23 Southampton
89%
Outgoings Belgium GK Thibaut Courtois 11/12 Chelsea
89%
Incomings Norway DM Sander Berge 16/17 Valerenga
86%
Outgoings Norway DM Sander Berge 19/20 Sheffield United
86%
Outgoings Japan RW Junya Ito 22/23 Reims
84%
Outgoings Nigeria DM Wilfred Ndidi 16/17 Leicester City
84%
Incomings Denmark RB Joakim Maehle 17/18 Aalborg
81%
Outgoings Denmark RB Joakim Maehle 20/21 Atalanta
81%
Outgoings Spain AM Alejandro Pozuelo 18/19 Toronto
78%
Incomings Colombia RB Daniel Munoz 20/21 Atletico Nacional
78%
Incomings Romania AM Ianis Hagi 19/20 Viitorul
78%
Outgoings Romania AM Ianis Hagi 20/21 Rangers
78%
Outgoings Belgium GK Maarten Vandevoordt 24/25 RB Leipzig
76%
Outgoings Tanzania ST Mbwana Samatta 19/20 Aston Villa
76%
Incomings Belgium LW Mike Tresor 21/22 Willem II
76%
Outgoings Belgium LW Mike Tresor 24/25 Burnley
76%
Incomings Colombia CB Jhon Lucumi 18/19 Deportivo Cali
73%
Outgoings Colombia CB Jhon Lucumi 22/23 Bologna
73%
Incomings Senegal CB Kalidou Koulibaly 12/13 Metz
73%
Outgoings Senegal CB Kalidou Koulibaly 14/15 Napoli
73%
Incomings Norway AM Kristian Thorstvedt 19/20 Viking
70%
Outgoings Norway AM Kristian Thorstvedt 22/23 Sassuolo
70%
Incomings Nigeria ST Tolu Arokodare 22/23 Amiens
70%
Incomings Colombia CB Carlos Cuesta 19/20 Atletico Nacional
68%
Incomings Nigeria ST Cyriel Dessers 20/21 Heracles Almelo
68%
Outgoings Nigeria ST Cyriel Dessers 22/23 Cremonese
68%
Incomings United States CB Mark McKenzie 20/21 Philadelphia Union
68%
Incomings Slovakia CM Patrik Hrosovsky 19/20 Viktoria Plzen
68%
Incomings Serbia CM Sergej Milinkovic-Savic 14/15 Vojvodina
68%
Outgoings Serbia CM Sergej Milinkovic-Savic 15/16 Lazio
68%
Incomings DR Congo RW Theo Bongonda 19/20 Zulte Waregem
68%
Outgoings DR Congo RW Theo Bongonda 22/23 Cadiz
68%
Incomings Nigeria RW Yira Sor 22/23 Slavia Prague
68%
Outgoings Belgium ST Wesley Sonck 03/04 Ajax
65%
Incomings Ghana RW Christopher Bonsu Baah 23/24 Sarpsborg
62%
Incomings Argentina CM Matias Galarza 22/23 Argentinos Juniors
62%
Incomings Ukraine AM Ruslan Malinovskyi 17/18 Shakhtar Donetsk
59%
Outgoings Ukraine AM Ruslan Malinovskyi 19/20 Atalanta
59%
Outgoings Belgium RB Timothy Castagne 17/18 Atalanta
59%
Incomings Gambia LW Alieu Fadera 23/24 Zulte Waregem
57%
Incomings Ecuador RB Angelo Preciado 20/21 Independiente del Valle
57%
Outgoings Ecuador RB Angelo Preciado 23/24 Sparta Prague
57%
Incomings Belgium ST Christian Benteke 11/12 Standard Liege
57%
Outgoings Belgium ST Christian Benteke 12/13 Aston Villa
57%
Outgoings Belgium CB Christian Kabasele 16/17 Watford
57%
Outgoings Finland LB Jere Uronen 21/22 Brest
57%
Incomings Ghana CB Joseph Aidoo 17/18 Hammarby
57%
Outgoings Ghana CB Joseph Aidoo 19/20 Celta Vigo
57%
Outgoings Belgium ST Jelle Vossen 15/16 Burnley
54%
Outgoings Belgium ST Jelle Vossen 14/15 Middlesbrough
54%
Incomings Ghana RW Joseph Paintsil 18/19 Tema Youth
54%
Incomings Mexico LB Gerardo Arteaga 20/21 Santos Laguna
49%
Incomings Canada ST Ike Ugbo 21/22 Chelsea
46%
Outgoings Canada ST Ike Ugbo 22/23 Troyes
46%
Outgoings Kosovo RW Edon Zhegrova 20/21 Basel
43%
Incomings Switzerland ST Andi Zeqiri 23/24 Brighton & Hove Albion
41%
Outgoings Croatia ST Branko Strupar 99/00 Derby County
41%
Incomings Belgium GK Hendrik Van Crombrugge 23/24 Anderlecht
41%
Incomings DR Congo LW Neeskens Kebano 15/16 Charleroi
41%
Outgoings DR Congo LW Neeskens Kebano 16/17 Fulham
41%
Incomings Gambia CB Omar Colley 16/17 Djurgardens
41%
Outgoings Gambia CB Omar Colley 18/19 Sampdoria
41%
Outgoings Belgium CM Siebe Schrijvers 18/19 Club Brugge
41%
Incomings Belgium CM Casper De Norre 18/19 Sint-Truiden
38%
Outgoings Belgium CM Casper De Norre 21/22 OH Leuven
38%
Incomings Denmark ST Marcus Ingvartsen 17/18 Nordsjaelland
38%
Outgoings Denmark ST Marcus Ingvartsen 19/20 Union Berlin
38%
Incomings Spain CB Mujaid Sadick 21/22 Deportivo La Coruna
38%
Incomings Greece ST Nikolaos Karelis 15/16 Panathinaikos
38%
Incomings Belgium AM Anouar Ait El Hadj 22/23 Anderlecht
35%
Incomings Switzerland CM Bastien Toma 20/21 Sion
35%
Incomings Senegal CB Kara Mbodj 12/13 Trosmso
35%
Outgoings Senegal CB Kara Mbodj 15/16 Anderlecht
35%
Outgoings Belgium GK Koen Casteels 11/12 Hoffenheim
35%
Incomings Norway AM Mats Moller Daehli 19/20 St. Pauli
35%
Outgoings Norway AM Mats Moller Daehli 21/22 Nuremberg
35%
Outgoings Guinea ST Souleymane Oulare 99/00 Fenerbahce
32%
Incomings Morocco RB Zakaria El Ouahdi 23/24 RWD Molenbeek
32%
Incomings Ivory Coast DM Aziz Ouattara 21/22 Hammarby
30%
Incomings Belgium ST Ilombe Mboyo 13/14 Gent
30%
Incomings Belgium RW Manuel Benson 17/18 Lierse
30%
Outgoings Belgium RW Manuel Benson 19/20 Royal Antwerp
30%
Incomings Argentina AM Nicolas Castro 22/23 Newell's Old Boys
30%
Incomings Denmark RB Rasmus Carstensen 22/23 Silkeborg
27%
Incomings DR Congo RW Dieumerci Ndongala 18/19 Standard Liege
24%
Incomings Brazil CB Joao Carlos 08/09 Lokeren
24%
Outgoings Brazil CB Joao Carlos 10/11 Anzhi Makhachkala
24%
Outgoings Belgium ST Marvin Ogunjimi 11/12 Mallorca
24%
Incomings Nigeria ST Stephen Odey 19/20 Zurich
24%
Outgoings Belgium DM Steven Defour 06/07 Standard Liege
24%
Incomings Guinea-Bissau ST Zinho Gano 18/19 Oostende
24%
Incomings Burkina Faso ST Moumouni Dagano 01/02 Germinal Beerschot
22%
Outgoings Burkina Faso ST Moumouni Dagano 03/04 Guingamp
22%
Outgoings Belgium CM Pierre Dwomoh 21/22 Royal Antwerp
22%
Incomings Belgium ST Benjamin De Ceulaer 12/13 Lokeren
19%
Incomings Sweden SS Benjamin Nygren 19/20 Goteborg
19%
Incomings Senegal DM Ibrahima Seck 17/18 Waasland Beveren
19%
Incomings Czech Republic CB Jakub Brabec 16/17 Sparta Prague
19%
Outgoings Australia CM Josip Skoko 03/04 Genclerbirligi
19%
Incomings France CM Julien Gorius 12/13 Mechelen
19%
Outgoings Belgium CM Koen Daerden 06/07 Club Brugge
19%
Incomings Netherlands GK Marco Bizot 14/15 Groningen
19%
Incomings Brazil LB Neto Borges 18/19 Hammarby
19%
Incomings Israel ST Barak Itzhaki 07/08 Beitar Jerusalem
16%
Outgoings Israel ST Barak Itzhaki 08/09 Beitar Jerusalem
16%
Incomings Belgium CB Derrick Tshimanga 11/12 Lokeren
16%
Outgoings Ivory Coast DM Didier Zokora 04/05 Saint-Etienne
16%
Incomings Belgium ST Kevin Vandenbergh 02/03 Westerlo
16%
Outgoings Belgium ST Kevin Vandenbergh 07/08 Utrecht
16%
Incomings Georgia LW Tornike Okriashvili 14/15 Shakhtar Donetsk
16%
Incomings Denmark LB Brian Hamalainen 12/13 Zulte Waregem
14%
Incomings Czech Republic LB Daniel Pudil 08/09 Slovan Liberec
14%
Outgoings Czech Republic LB Daniel Pudil 11/12 Granada
14%
Incomings Hungary CM Daniel Tozser 08/09 AEK Athens
14%
Outgoings Belgium LB Davy Oyen 98/99 PSV
14%
Incomings Ivory Coast DM Eboue Kouassi 20/21 Celtic
14%
Incomings Croatia SS Ivan Bosnjak 06/07 Dinamo Zagreb
14%
Incomings Croatia AM Ivan Fiolic 18/19 Dinamo Zagreb
14%
Incomings Spain LW Jose Naranjo 16/17 Celta Vigo
14%
Incomings France ST Steven Joseph-Monrose 12/13 Kortrijk
14%
Incomings Belgium ST Cedric Roussel 03/04 Wolverhampton Wanderers
11%
Outgoings Belgium ST Cedric Roussel 04/05 Rubin Kazan
11%
Incomings Tunisia AM Fabien Camus 09/10 Charleroi
11%
Incomings Poland GK Grzegorz Sandomierski 11/12 Jagiellonia
11%
Incomings Poland DM Jakub Piotrowski 18/19 Pogon Szczecin
11%
Outgoings Bosnia RM Mirsad Beslija 05/06 Hearts
11%
Incomings Belgium ST Stein Huysegems 08/09 Twente
11%
Incomings Serbia RW Aleksandar Cavric 14/15 OFK Beograd
8%
Incomings Nigeria ST Kim Ojo 12/13 Brann
8%
Incomings Ivory Coast DM Pierre Zebli 16/17 Perugia
8%
Outgoings Belgium LB Sebastien Pocognoli 07/08 AZ Alkmaar
8%
Outgoings Iceland RW Thordur Gudjonsson 00/01 Las Palmas
8%
Incomings Bosnia CM Tino-Sven Susic 16/17 Hajduk Split
8%
Incomings Romania DM Vladimir Screciu 18/19 Universitatea Craiova
8%
Outgoings Belgium LM Marc Hendrikx 01/02 Anderlecht
5%
Incomings Netherlands DM Orlando Engelaar 04/05 NAC Breda
5%
Incomings Sierra Leone ST Paul Kpaka 03/04 Germinal Beerschot
5%
Incomings Gambia DM Seyfo Soley 02/03 Lokeren
5%
No matching quizzes found
Score Distribution
Percent of People with Each Score
Percentile by Number Answered
Your Score History
You have not taken this quiz